00823nam a2200217 i 450000100060000000300090000600500170001500700030003200800410003508000300007610000490010624500830015526000500023830000390028849000300032760000490035783000380040685200220044499900170046695201220048395800ES-MaACL20251001144814.0t|050606s1971 sp f |||| |bspa d a929 Vicente Ferrer, Santo1 aMaciá Serrano, Antonio, d1910-198597520910aSan Vicente Ferrer, en su vida, actos y obras / cpor Antonio Maciá Serrano. aMadrid : bPublicaciones Españolas, c1971. a51 p., [4] p. de lám. ; c22 cm.1 aTemas españoles ; v51804aVicente Ferrer, cSanto, d1350-141991143550 aTemas españoles ; v5189178712 aES-MaACLjC-47277 c95800d95800 00104070aATENEOMbATENEOMcDEPO2d2008-01-17eSCl0oC-47277p1100031r2023-02-23 00:00:00w2023-02-23yMONOGRAFIA